000
00334nam a22001457a 4500
008
230622b ||||| |||| 00| 0 eng d
020
_a
9780134580999
041
_a
eng
080
_2
ELEVENTH EDITION
_a
611
082
_a
611HOE
100
_a
11
101
_a
ANAT
245
_a
HUMAN ANATOMY PHYSIOLOGY
_c
HOEHN .K
942
_2
udc
_c
BK
999
_c
60025
_d
60025